000 01841nam0a2200349 4500
001 RU\NLR\bibl\1462786
005 20260408195131.0
010 _a978-5-904030-82-7
_9500
021 _aRU
_b2010-3368
_9206
035 _a(NLR Aleph) 001454532
090 _a1544172
_c1544172
100 _a20100120d2009 |||y0rusy50 ca
101 0 _arus
102 _aRU
105 _ay |||||||||
200 1 _aПортрет петербургского дома
_eсборник материалов культурно-исторической акции "Страницы истории Петербурга: Столетие Вашего дома"
_fАвтоном. некоммерч. орг. "Рус. клуб."
_g[под общ. ред. О.Н. Косогор]
210 _aСанкт-Петербург
_cПолитехника-сервис
_d2009
215 _a455 с.
_d20
320 _aБиблиогр. в конце ст.
606 _aЗдания
_xИстория
_yСанкт-Петербург, город
_jСборники
_3RU\NLR\auth\661386378
_92317050
686 _aТ3(2-2СПб3)я43
702 1 _aКосогор
_bО. Н.
_gОльга Николаевна
_4340
712 0 2 _4570
_a"Русский клуб", автономная некоммерческая организация культуры
_cСанкт-Петербург
_3RU\NLR\AUTH\8810143359
_9781311
801 0 _aRU
_bNLR
_c20100120
_gRCR
801 1 _aRU
_bNLR
_c20100120
830 _aред. по кн.
942 _cBOOK
980 _aNB
981 4 3 _a(43) Тематическая подборка Санкт-Петербург
_b(43) Топография города
981 4 3 _a(43) Тематическая подборка Санкт-Петербург
_b(43) Дворцы. Особняки. Дома